| 000 | 01377nam a2200241Ii 4500 | ||
|---|---|---|---|
| 003 | JO-AjNU | ||
| 005 | 20240626114951.0 | ||
| 008 | 230605s9999||||xx |||||||||||||| ||und|| | ||
| 040 |
_aJO-AjNU _bara _erda _cJO-AjNU |
||
| 041 | _aara | ||
| 050 | 1 | 4 | _aHD30.2.2020 |
| 100 | 1 |
_aبطاينة، عبدالهادي احمد جابر _eمعد _965686 |
|
| 245 | 0 | 0 |
_aاثر تطبيق معايير جائزة الملك عبدالله الثاني للتميز على الالتزام التنظيمي في شركة كهرباء محافظة اربد = The Impact of Implementation"King Abdullah II Award for Excellence Criteria" on The Organizational Commitment in Irbid Electricity Company / _cاعداد عبدالمهدي احمد جابر بطانية؛ اشراف محمود علي الروسان |
| 264 | 3 | 1 | _a 2020 |
| 300 | _a121 ورقة | ||
| 336 |
_atext _btxt _2rdacontent |
||
| 337 |
_aunmediated _bn _2rdamedia |
||
| 338 |
_avolume _bnc _2rdacarrier |
||
| 500 | _aرسالة جامعية(اطروحة ماجستير) جامعة عجلون الوطنية: كلية ادارة الاعمال، ادارة الاعمال،2020 | ||
| 650 | 4 |
_aتطبيق المعايير - جائزة الملك عبدالله الثاني - شركة الكهرباء - اربد - الاردن _959688 |
|
| 700 | 1 |
_aالروسان، محمود علي _eمشرف _965363 |
|
| 942 |
_2lcc _cTHS |
||
| 999 |
_c30440 _d30440 |
||